书目信息 |
| 题名: |
房地产开发与管理
|
|
| 作者: | 孔凡文 , 张沈生 编著 | |
| 分册: | ||
| 出版信息: | 大连 大连理工大学出版社 2006.08 |
|
| 页数: | 249页 | |
| 开本: | 26m | |
| 丛书名: | 高等学校工程管理专业系列教材 | |
| 单 册: | ||
| 中图分类: | F293.3 | |
| 科图分类: | ||
| 主题词: | 房地产--fang di chan--开发--教材 , 房地产业--fang di chan ye--经济管理--教材 | |
| 电子资源: | ||
| ISBN: | 7-5611-3101-1 | |
| 000 | 01085nam 2200277 450 | |
| 001 | 012007322555 | |
| 005 | 20071229105628.68 | |
| 010 | @a7-5611-3101-1@dCNY22.00 | |
| 100 | @a20071229d2006 km y0chiy0120 ea | |
| 101 | 0 | @achi |
| 102 | @aCN@b210000 | |
| 105 | @aak z 000yy | |
| 106 | @ar | |
| 200 | 1 | @a房地产开发与管理@Afang di chan kai fa yu guan li@f孔凡文, 张沈生编著@Fkong fan wen,zhang shen sheng bian zhu |
| 210 | @a大连@c大连理工大学出版社@d2006.08 | |
| 215 | @a249页@c图@d26m | |
| 225 | 2 | @a高等学校工程管理专业系列教材@Agao deng xue xiao gong cheng guan li zhuan ye xi lie jiao cai |
| 330 | @a该书以房地产开发过程为主线,全面系统地介绍了房地产开发的理论、内容和方法,并对与房地产开发有关的房地产经营与管理内容进行了重点介绍。 | |
| 410 | 0 | @12001 @a高等学校工程管理专业系列教材 |
| 606 | 0 | @a房地产@Afang di chan@x开发@j教材 |
| 606 | 0 | @a房地产业@Afang di chan ye@x经济管理@j教材 |
| 690 | @aF293.3@v4 | |
| 701 | 0 | @a孔凡文@Akong fan wen@4编著 |
| 701 | 0 | @a张沈生@Azhang shen sheng@4编著 |
| 801 | 0 | @aCN@bQSSK@c20071229 |
| 905 | @b274330-31@dF293.3@eK747@f2 | |
| 房地产开发与管理/孔凡文, 张沈生编著.-大连:大连理工大学出版社,2006.08 |
| 249页:图;26m.-(高等学校工程管理专业系列教材) |
| ISBN 7-5611-3101-1:CNY22.00 |
| 该书以房地产开发过程为主线,全面系统地介绍了房地产开发的理论、内容和方法,并对与房地产开发有关的房地产经营与管理内容进行了重点介绍。 |
| ● |
| 相关链接 |
|
|
|
正题名:房地产开发与管理
索取号:F293.3/K747
 
预约/预借
| 序号 | 登录号 | 条形码 | 馆藏地/架位号 | 状态 | 备注 |
| 1 | 274330 | 202743308 | 管理学院资料室/409社科库 105排2列1层/ [索取号:F293.3/K747] | 在馆 | |
| 2 | 274331 | 202743317 | 社科库409/409社科库 107排2列6层/ [索取号:F293.3/K747] | 在馆 |